000 00334nam a22001457a 4500
005 20160628112108.0
008 160628b xxu||||| |||| 00| 0 eng d
041 _aeng
082 _b10753
245 _aPramana, Journal of Physics
260 _bIndian Academy of Sciences
300 _a171
650 _aJournal
_93034
942 _cJRL
999 _c4397
_d4396